000
00309nam a2200133Ia 4500
008
100328s9999 xx 000 0 und d
082
_b
55634
100
_a
Weale Anne
245
_a
Sleepless Nights
260
_b
Mills & Boons
630
_a
Sleepless Nights
730
_a
Sleepless Nights
942
_c
BOOK
999
_c
542277
_d
542274